Steves by Picture - Statistics

General Stats
  • This quiz has been taken 57 times
  • The average score is 16 of 28
Answer Stats
Picture Hint Answer % Correct
Steve Jobs
100%
Stephen Hawking
94%
Steve Irwin
88%
Steven Spielberg
88%
Stevie Wonder
86%
Stevie Nicks
82%
Steve Carell
76%
Steve Martin
75%
Steve McQueen
75%
Steven Tyler
73%
Stephen King
71%
Steve Buscemi
69%
Saint Stephen
65%
Steven Seagal
63%
Stephen Curry
61%
(name the game) Steve (Minecraft)
61%
Stephen Colbert
55%
Steve Harvey
55%
Stephen Fry
45%
Dr. Stephen Strange
39%
Steve Nash
33%
Steven Universe
33%
Steve Perry
27%
Steve Young
27%
Steven Yeun
25%
Steve Wozniak
25%
Steve Smith
12%
Steve Scalise
8%
No matching quizzes found
Score Distribution
Percent of People with Each Score
Percentile by Number Answered
Your Score History
You have not taken this quiz